<?xml version="1.0" encoding="UTF-8"?>
<record
    xmlns:xsi="http://www.w3.org/2001/XMLSchema-instance"
    xsi:schemaLocation="http://www.loc.gov/MARC21/slim http://www.loc.gov/standards/marcxml/schema/MARC21slim.xsd"
    xmlns="http://www.loc.gov/MARC21/slim">

  <leader>01036nam a22003131ia4500</leader>
  <controlfield tag="003">OSt</controlfield>
  <controlfield tag="005">20211025171436.0</controlfield>
  <controlfield tag="008">200310s2020    my a|||jr|||| 000 0 may d</controlfield>
  <datafield tag="020" ind1=" " ind2=" ">
    <subfield code="c">RM 197.50 (SET)</subfield>
  </datafield>
  <datafield tag="020" ind1=" " ind2=" ">
    <subfield code="a">9789672299127</subfield>
    <subfield code="c">RM 7.90</subfield>
    <subfield code="q">paperback</subfield>
  </datafield>
  <datafield tag="040" ind1=" " ind2=" ">
    <subfield code="a">PPAK</subfield>
    <subfield code="b">eng</subfield>
    <subfield code="c">PPAK</subfield>
    <subfield code="e">rda</subfield>
  </datafield>
  <datafield tag="082" ind1="0" ind2="4">
    <subfield code="2">23</subfield>
    <subfield code="a">297.18</subfield>
  </datafield>
  <datafield tag="090" ind1="0" ind2="0">
    <subfield code="a">297.18</subfield>
    <subfield code="b">NOR</subfield>
    <subfield code="d">K</subfield>
  </datafield>
  <datafield tag="100" ind1="0" ind2=" ">
    <subfield code="a">Norul Azila Arifin, </subfield>
    <subfield code="e">author.</subfield>
  </datafield>
  <datafield tag="245" ind1="1" ind2="0">
    <subfield code="6">880-02</subfield>
    <subfield code="a">NABI ADAM A.S. MANUSIA PERTAMA /</subfield>
    <subfield code="c">Norul Azila Arifin.</subfield>
  </datafield>
  <datafield tag="264" ind1=" " ind2="1">
    <subfield code="a">Batu Caves, Selangor ;</subfield>
    <subfield code="b">Pustaka Sri Saujana Sdn. Bhd.,</subfield>
    <subfield code="c">2020</subfield>
  </datafield>
  <datafield tag="300" ind1=" " ind2=" ">
    <subfield code="a">16 pages :</subfield>
    <subfield code="b">colour illustrations ;</subfield>
    <subfield code="c">25 cm</subfield>
  </datafield>
  <datafield tag="336" ind1=" " ind2=" ">
    <subfield code="a">text</subfield>
    <subfield code="2">rdacontent</subfield>
  </datafield>
  <datafield tag="337" ind1=" " ind2=" ">
    <subfield code="a">unmediated</subfield>
    <subfield code="2">rdamedia</subfield>
  </datafield>
  <datafield tag="338" ind1=" " ind2=" ">
    <subfield code="a">volume</subfield>
    <subfield code="2">rdacarrier</subfield>
  </datafield>
  <datafield tag="490" ind1="1" ind2=" ">
    <subfield code="a">SIRI CINTAI NABI </subfield>
  </datafield>
  <datafield tag="546" ind1=" " ind2=" ">
    <subfield code="a">Text also in Jawi alphabet.</subfield>
  </datafield>
  <datafield tag="650" ind1="1" ind2="0">
    <subfield code="a">Islamic stories, Malay.</subfield>
  </datafield>
  <datafield tag="650" ind1="2" ind2="0">
    <subfield code="a">Prophets in the Qur'an.</subfield>
  </datafield>
  <datafield tag="650" ind1="2" ind2="0">
    <subfield code="a">Prophets, Pre- Islamic.</subfield>
  </datafield>
  <datafield tag="830" ind1=" " ind2="0">
    <subfield code="a">SIRI CINTAI NABI </subfield>
  </datafield>
  <datafield tag="880" ind1=" " ind2=" ">
    <subfield code="6">245-02/$1</subfield>
    <subfield code="a">&#x646;&#x628;&#x64A; &#x622;&#x62F;&#x645; &#x639;&#x644;&#x64A;&#x647; &#x627;&#x644;&#x633;&#x644;&#x627;&#x645; &#x645;&#x623;&#x646;&#x633;&#x64A; &#x6A4;&#x631;&#x62A;&#x627;&#x645;</subfield>
  </datafield>
  <datafield tag="942" ind1=" " ind2=" ">
    <subfield code="2">ddc</subfield>
    <subfield code="c">B</subfield>
  </datafield>
  <datafield tag="999" ind1=" " ind2=" ">
    <subfield code="c">176844</subfield>
    <subfield code="d">176844</subfield>
  </datafield>
  <datafield tag="952" ind1=" " ind2=" ">
    <subfield code="0">0</subfield>
    <subfield code="7">0</subfield>
    <subfield code="b">PPAK</subfield>
    <subfield code="c">K</subfield>
    <subfield code="d">2020-05-17</subfield>
    <subfield code="l">1</subfield>
    <subfield code="o">K 297.18 NOR</subfield>
    <subfield code="p">A01639903</subfield>
    <subfield code="r">2022-08-20 00:00:00</subfield>
    <subfield code="s">2022-08-06</subfield>
    <subfield code="y">B</subfield>
  </datafield>
  <datafield tag="952" ind1=" " ind2=" ">
    <subfield code="0">0</subfield>
    <subfield code="7">0</subfield>
    <subfield code="b">PPAK</subfield>
    <subfield code="c">K</subfield>
    <subfield code="d">2020-05-17</subfield>
    <subfield code="l">1</subfield>
    <subfield code="o">K 297.18 NOR</subfield>
    <subfield code="p">A01639904</subfield>
    <subfield code="q">2025-05-08</subfield>
    <subfield code="r">2025-04-17 13:09:31</subfield>
    <subfield code="s">2025-04-17</subfield>
    <subfield code="y">B</subfield>
  </datafield>
  <datafield tag="952" ind1=" " ind2=" ">
    <subfield code="0">0</subfield>
    <subfield code="7">0</subfield>
    <subfield code="b">SP</subfield>
    <subfield code="c">K</subfield>
    <subfield code="d">2020-05-17</subfield>
    <subfield code="l">6</subfield>
    <subfield code="m">1</subfield>
    <subfield code="o">K 297.18 NOR</subfield>
    <subfield code="p">A01639905</subfield>
    <subfield code="r">2024-08-17 17:29:25</subfield>
    <subfield code="s">2024-08-03</subfield>
    <subfield code="y">B</subfield>
  </datafield>
  <datafield tag="952" ind1=" " ind2=" ">
    <subfield code="0">0</subfield>
    <subfield code="7">0</subfield>
    <subfield code="b">JT</subfield>
    <subfield code="c">K</subfield>
    <subfield code="d">2020-05-17</subfield>
    <subfield code="o">K 297.18 NOR</subfield>
    <subfield code="p">A01639906</subfield>
    <subfield code="r">2021-04-03 00:00:00</subfield>
    <subfield code="y">B</subfield>
  </datafield>
  <datafield tag="952" ind1=" " ind2=" ">
    <subfield code="0">0</subfield>
    <subfield code="7">0</subfield>
    <subfield code="b">KM</subfield>
    <subfield code="c">K</subfield>
    <subfield code="d">2020-05-17</subfield>
    <subfield code="l">23</subfield>
    <subfield code="m">2</subfield>
    <subfield code="o">K 297.18 NOR</subfield>
    <subfield code="p">A01639907</subfield>
    <subfield code="r">2026-02-28 10:15:47</subfield>
    <subfield code="s">2026-02-11</subfield>
    <subfield code="y">B</subfield>
  </datafield>
  <datafield tag="952" ind1=" " ind2=" ">
    <subfield code="0">0</subfield>
    <subfield code="7">0</subfield>
    <subfield code="b">LW</subfield>
    <subfield code="c">K</subfield>
    <subfield code="d">2020-05-17</subfield>
    <subfield code="l">1</subfield>
    <subfield code="o">K 297.18 NOR</subfield>
    <subfield code="p">A01639908</subfield>
    <subfield code="r">2022-12-04 00:00:00</subfield>
    <subfield code="s">2022-11-13</subfield>
    <subfield code="y">B</subfield>
  </datafield>
  <datafield tag="952" ind1=" " ind2=" ">
    <subfield code="0">0</subfield>
    <subfield code="7">0</subfield>
    <subfield code="b">BL</subfield>
    <subfield code="c">K</subfield>
    <subfield code="d">2020-05-17</subfield>
    <subfield code="l">2</subfield>
    <subfield code="o">K 297.18 NOR</subfield>
    <subfield code="p">A01639909</subfield>
    <subfield code="r">2024-10-27 14:46:20</subfield>
    <subfield code="s">2024-10-08</subfield>
    <subfield code="y">B</subfield>
  </datafield>
  <datafield tag="952" ind1=" " ind2=" ">
    <subfield code="0">0</subfield>
    <subfield code="7">0</subfield>
    <subfield code="b">BB</subfield>
    <subfield code="c">K</subfield>
    <subfield code="d">2020-05-17</subfield>
    <subfield code="o">K 297.18 NOR</subfield>
    <subfield code="p">A01639910</subfield>
    <subfield code="r">2020-05-17 00:00:00</subfield>
    <subfield code="y">B</subfield>
  </datafield>
  <datafield tag="952" ind1=" " ind2=" ">
    <subfield code="0">0</subfield>
    <subfield code="7">0</subfield>
    <subfield code="b">MR</subfield>
    <subfield code="c">K</subfield>
    <subfield code="d">2020-05-17</subfield>
    <subfield code="l">6</subfield>
    <subfield code="m">1</subfield>
    <subfield code="o">K 297.18 NOR</subfield>
    <subfield code="p">A01639911</subfield>
    <subfield code="r">2025-09-08 15:56:36</subfield>
    <subfield code="s">2025-09-06</subfield>
    <subfield code="y">B</subfield>
  </datafield>
  <datafield tag="952" ind1=" " ind2=" ">
    <subfield code="0">0</subfield>
    <subfield code="7">0</subfield>
    <subfield code="b">YN</subfield>
    <subfield code="c">K</subfield>
    <subfield code="d">2020-05-17</subfield>
    <subfield code="l">3</subfield>
    <subfield code="m">1</subfield>
    <subfield code="o">K 297.18 NOR</subfield>
    <subfield code="p">A01639912</subfield>
    <subfield code="q">2026-07-19</subfield>
    <subfield code="r">2026-06-07 14:11:14</subfield>
    <subfield code="s">2026-06-07</subfield>
    <subfield code="y">B</subfield>
  </datafield>
  <datafield tag="952" ind1=" " ind2=" ">
    <subfield code="0">0</subfield>
    <subfield code="7">0</subfield>
    <subfield code="b">SK</subfield>
    <subfield code="c">K</subfield>
    <subfield code="d">2020-05-17</subfield>
    <subfield code="o">K 297.18 NOR</subfield>
    <subfield code="p">A01639913</subfield>
    <subfield code="r">2020-05-17 00:00:00</subfield>
    <subfield code="y">B</subfield>
  </datafield>
  <datafield tag="952" ind1=" " ind2=" ">
    <subfield code="0">0</subfield>
    <subfield code="7">0</subfield>
    <subfield code="b">KN</subfield>
    <subfield code="c">K</subfield>
    <subfield code="d">2020-05-17</subfield>
    <subfield code="l">2</subfield>
    <subfield code="m">1</subfield>
    <subfield code="o">K 297.18 NOR</subfield>
    <subfield code="p">A01639914</subfield>
    <subfield code="r">2023-11-14 17:48:13</subfield>
    <subfield code="s">2023-10-02</subfield>
    <subfield code="y">B</subfield>
  </datafield>
  <datafield tag="952" ind1=" " ind2=" ">
    <subfield code="0">0</subfield>
    <subfield code="7">0</subfield>
    <subfield code="b">PPAK</subfield>
    <subfield code="c">K</subfield>
    <subfield code="d">2020-05-17</subfield>
    <subfield code="l">3</subfield>
    <subfield code="m">1</subfield>
    <subfield code="o">K 297.18 NOR</subfield>
    <subfield code="p">A01639915</subfield>
    <subfield code="r">2023-10-28 14:19:28</subfield>
    <subfield code="s">2023-09-19</subfield>
    <subfield code="y">B</subfield>
  </datafield>
  <datafield tag="952" ind1=" " ind2=" ">
    <subfield code="0">0</subfield>
    <subfield code="7">0</subfield>
    <subfield code="b">B1</subfield>
    <subfield code="c">K</subfield>
    <subfield code="d">2020-05-17</subfield>
    <subfield code="o">K 297.18 NOR</subfield>
    <subfield code="p">A01639916</subfield>
    <subfield code="r">2020-05-17 00:00:00</subfield>
    <subfield code="y">B</subfield>
  </datafield>
  <datafield tag="952" ind1=" " ind2=" ">
    <subfield code="0">0</subfield>
    <subfield code="7">0</subfield>
    <subfield code="b">B3</subfield>
    <subfield code="c">K</subfield>
    <subfield code="d">2020-05-17</subfield>
    <subfield code="o">K 297.18 NOR</subfield>
    <subfield code="p">A01639917</subfield>
    <subfield code="r">2020-05-17 00:00:00</subfield>
    <subfield code="y">B</subfield>
  </datafield>
  <datafield tag="952" ind1=" " ind2=" ">
    <subfield code="0">0</subfield>
    <subfield code="7">0</subfield>
    <subfield code="b">B4</subfield>
    <subfield code="c">K</subfield>
    <subfield code="d">2020-05-17</subfield>
    <subfield code="o">K 297.18 NOR</subfield>
    <subfield code="p">A01639918</subfield>
    <subfield code="r">2020-05-17 00:00:00</subfield>
    <subfield code="y">B</subfield>
  </datafield>
  <datafield tag="952" ind1=" " ind2=" ">
    <subfield code="0">0</subfield>
    <subfield code="7">0</subfield>
    <subfield code="b">B5</subfield>
    <subfield code="c">K</subfield>
    <subfield code="d">2020-05-17</subfield>
    <subfield code="o">K 297.18 NOR</subfield>
    <subfield code="p">A01639919</subfield>
    <subfield code="r">2020-05-17 00:00:00</subfield>
    <subfield code="y">B</subfield>
  </datafield>
  <datafield tag="952" ind1=" " ind2=" ">
    <subfield code="0">0</subfield>
    <subfield code="7">0</subfield>
    <subfield code="b">PD1</subfield>
    <subfield code="c">K</subfield>
    <subfield code="d">2020-05-17</subfield>
    <subfield code="o">K 297.18 NOR</subfield>
    <subfield code="p">A01639920</subfield>
    <subfield code="r">2020-05-17 00:00:00</subfield>
    <subfield code="y">B</subfield>
  </datafield>
  <datafield tag="952" ind1=" " ind2=" ">
    <subfield code="0">0</subfield>
    <subfield code="7">0</subfield>
    <subfield code="b">PD2</subfield>
    <subfield code="c">K</subfield>
    <subfield code="d">2020-05-17</subfield>
    <subfield code="o">K 297.18 NOR</subfield>
    <subfield code="p">A01639921</subfield>
    <subfield code="r">2020-05-17 00:00:00</subfield>
    <subfield code="y">B</subfield>
  </datafield>
  <datafield tag="952" ind1=" " ind2=" ">
    <subfield code="0">0</subfield>
    <subfield code="7">0</subfield>
    <subfield code="b">PD3</subfield>
    <subfield code="c">K</subfield>
    <subfield code="d">2020-05-17</subfield>
    <subfield code="o">K 297.18 NOR</subfield>
    <subfield code="p">A01639922</subfield>
    <subfield code="r">2020-05-17 00:00:00</subfield>
    <subfield code="y">B</subfield>
  </datafield>
  <datafield tag="952" ind1=" " ind2=" ">
    <subfield code="0">0</subfield>
    <subfield code="7">0</subfield>
    <subfield code="b">PD4</subfield>
    <subfield code="c">K</subfield>
    <subfield code="d">2020-05-17</subfield>
    <subfield code="o">K 297.18 NOR</subfield>
    <subfield code="p">A01639923</subfield>
    <subfield code="r">2020-05-17 00:00:00</subfield>
    <subfield code="y">B</subfield>
  </datafield>
  <datafield tag="952" ind1=" " ind2=" ">
    <subfield code="0">0</subfield>
    <subfield code="7">0</subfield>
    <subfield code="b">PD5</subfield>
    <subfield code="c">K</subfield>
    <subfield code="d">2020-05-17</subfield>
    <subfield code="o">K 297.18 NOR</subfield>
    <subfield code="p">A01639924</subfield>
    <subfield code="r">2020-05-17 00:00:00</subfield>
    <subfield code="y">B</subfield>
  </datafield>
  <datafield tag="952" ind1=" " ind2=" ">
    <subfield code="0">0</subfield>
    <subfield code="7">0</subfield>
    <subfield code="b">PD6</subfield>
    <subfield code="c">K</subfield>
    <subfield code="d">2020-05-17</subfield>
    <subfield code="o">K 297.18 NOR</subfield>
    <subfield code="p">A01639925</subfield>
    <subfield code="r">2020-05-17 00:00:00</subfield>
    <subfield code="y">B</subfield>
  </datafield>
  <datafield tag="952" ind1=" " ind2=" ">
    <subfield code="0">0</subfield>
    <subfield code="7">0</subfield>
    <subfield code="b">PD7</subfield>
    <subfield code="c">K</subfield>
    <subfield code="d">2020-05-17</subfield>
    <subfield code="o">K 297.18 NOR</subfield>
    <subfield code="p">A01639926</subfield>
    <subfield code="r">2020-05-17 00:00:00</subfield>
    <subfield code="y">B</subfield>
  </datafield>
  <datafield tag="952" ind1=" " ind2=" ">
    <subfield code="0">0</subfield>
    <subfield code="7">0</subfield>
    <subfield code="b">PG</subfield>
    <subfield code="c">K</subfield>
    <subfield code="d">2020-05-17</subfield>
    <subfield code="l">2</subfield>
    <subfield code="o">K 297.18 NOR</subfield>
    <subfield code="p">A01639927</subfield>
    <subfield code="r">2024-09-04 09:45:32</subfield>
    <subfield code="s">2024-08-15</subfield>
    <subfield code="y">B</subfield>
  </datafield>
  <datafield tag="952" ind1=" " ind2=" ">
    <subfield code="0">0</subfield>
    <subfield code="7">0</subfield>
    <subfield code="b">PD12</subfield>
    <subfield code="c">K</subfield>
    <subfield code="d">2020-05-17</subfield>
    <subfield code="o">K 297.18 NOR</subfield>
    <subfield code="p">A01639929</subfield>
    <subfield code="r">2020-05-17 00:00:00</subfield>
    <subfield code="y">B</subfield>
  </datafield>
  <datafield tag="952" ind1=" " ind2=" ">
    <subfield code="0">0</subfield>
    <subfield code="7">0</subfield>
    <subfield code="b">PD13</subfield>
    <subfield code="c">K</subfield>
    <subfield code="d">2020-05-17</subfield>
    <subfield code="o">K 297.18 NOR</subfield>
    <subfield code="p">A01639930</subfield>
    <subfield code="r">2020-05-17 00:00:00</subfield>
    <subfield code="y">B</subfield>
  </datafield>
  <datafield tag="952" ind1=" " ind2=" ">
    <subfield code="0">0</subfield>
    <subfield code="7">0</subfield>
    <subfield code="b">PD14</subfield>
    <subfield code="c">K</subfield>
    <subfield code="d">2020-05-17</subfield>
    <subfield code="o">K 297.18 NOR</subfield>
    <subfield code="p">A01639931</subfield>
    <subfield code="r">2020-05-17 00:00:00</subfield>
    <subfield code="y">B</subfield>
  </datafield>
  <datafield tag="952" ind1=" " ind2=" ">
    <subfield code="0">0</subfield>
    <subfield code="7">0</subfield>
    <subfield code="b">PD16</subfield>
    <subfield code="c">K</subfield>
    <subfield code="d">2020-05-17</subfield>
    <subfield code="o">K 297.18 NOR</subfield>
    <subfield code="p">A01639932</subfield>
    <subfield code="r">2020-05-17 00:00:00</subfield>
    <subfield code="y">B</subfield>
  </datafield>
</record>
